000 01063pam a2200301 a 4500
001 000643519
003 AM-YeHGA
005 20250617140917.0
008 890912s1990 njuaf b 001 0 eng d
020 _a0887383033
040 _aAM-YeHGA
041 1 _aeng
_hgrc
043 _af-ua---
100 0 _aDiodorus,
_cSiculus.
240 1 0 _aBibliotheca historica.
_nBook 1.
_lEnglish
245 1 4 _aThe antiquities of Egypt :
_bA translation with notes of book I of the Library of history, of Diodorus Siculus /
_cEdwin Murphy.
260 _aNew Brunswick, N.J., U.S.A. :
_bTransaction Publishers,
_c1990.
300 _axiv, 179 p. :
_b[31] p. of plates : ill. ;
_c24 cm.
500 _aTranslation of: Bibliotheca historica, book 1.
500 _aRev. ed. of: Diodorus "On Egypt." 1985.
504 _aIncludes bibliogr. references (p. 157-166).
651 0 _aEgypt
_xCivilization
_yTo 332 B.C.
651 0 _aEgypt
_xAntiquities.
700 1 _aMurphy, Edwin.
700 0 _aDiodorus,
_cSiculus.
_tDiodorus "On Egypt."
942 _2udc
_cBK
090 _c230471
999 _c228923
_d228923